00591nam a2200253Ia 4500008004100000020001900041100001900060245001900079245002200098260001500120260002000135260000900155300001700164300001100181440002200192440001100214650001900225650001400244650001400258650001300272650002200285650002200307700000800329160803s9999 xx 000 0 und d a978-0590554084 aPierce, Tamora aBriar's book / cby Tamora Pierce. aNew York : bScholastic Inc. c1999 a258 pages ;  c22 cm. aCircle of magic ; vbk. 4. aFriendship --  aMagic --  aMagic --  xFiction. xJuvenile fiction. xJuvenile fiction. a730